BDW Trading Ltd v Ardmore Construction Limited (Record no. 122104)
[ view plain ]
| 000 -LEADER | |
|---|---|
| fixed length control field | 01178nas a22002177a 4500 |
| 007 - PHYSICAL DESCRIPTION FIXED FIELD--GENERAL INFORMATION | |
| fixed length control field | ta |
| 008 - FIXED-LENGTH DATA ELEMENTS--GENERAL INFORMATION | |
| fixed length control field | 250131s2024 xxk||||os||||o00| 0 eng d |
| 041 ## - LANGUAGE CODE | |
| Language code of text/sound track or separate title | eng |
| 245 ## - TITLE STATEMENT | |
| Title | BDW Trading Ltd v Ardmore Construction Limited |
| 260 ## - PUBLICATION INFORMATION | |
| Place of publication | [2024] EWHC 3235 (TCC), |
| Publisher | Technology and Construction Court |
| Date | 16 December 2024 |
| 520 ## - ABSTRACT | |
| Abstract | The ruling in BDW Trading Limited v Ardmore Construction Limited (2024) has confirmed the wide scope of adjudication clauses and opened the doors for adjudications to be brought regarding historical defects under the Defective Premises Act 1972. Due to the extension of limitation for Defective Premises Act claims under the Building Safety Act 2022, contractors can now potentially face adjudication referrals on historic claims from projects as far back as 1992. |
| 650 ## - KEYWORDS | |
| Keywords | BUILDING SAFETY ACT 2022 |
| 650 ## - KEYWORDS | |
| Keywords | CIVIL LIABILITY (CONTRIBUTION) ACT 1978 |
| 650 ## - KEYWORDS | |
| Keywords | DEFECTIVE PREMISES ACT 1972 |
| 650 ## - KEYWORDS | |
| Keywords | DEFECTIVE WORKS |
| 650 ## - KEYWORDS | |
| Keywords | LIABILITY |
| 650 ## - KEYWORDS | |
| Keywords | PROPERTY DEVELOPERS |
| 650 ## - KEYWORDS | |
| Keywords | RESIDENTIAL PROPERTY |
| 651 ## - SUBJECT ADDED ENTRY--GEOGRAPHIC NAME | |
| Geographic name | United Kingdom |
| 856 ## - ONLINE RESOURCE | |
| Uniform Resource Identifier | https://www.bailii.org/ew/cases/EWHC/TCC/2024/3235.html |
| Public note | Available on BAILII |
| Withdrawn status | Lost status | Damaged status | Koha normalized classification for sorting | Not for loan | Home library | Current library | Shelving location | Date acquired | Total Checkouts | Full call number | Date last seen | Price effective from | Koha item type |
|---|---|---|---|---|---|---|---|---|---|---|---|---|---|
| ONLINE_JUDGMENT | Virtual | Virtual | Online | 31/01/2025 | ONLINE JUDGMENT | 31/01/2025 | 31/01/2025 | Law report |